000 00509nam a2200181Ia 4500
005 20250508160221.0
008 008 250505s9999 xx 000 0 eng d
037 _aTextual
040 _aFEDL
_beng
_cFEDL
041 _aeng
_2eng
084 _a900.9, VIO
_qFEDL
100 _aViorst Milton
_9768164
245 0 _aGreat documents of western civilizations
260 _aPhiladelphia
_bChilton Book Company
_c1965
300 _a388p.
942 _cTEXL
_h900.9, VIO
999 _c1362747
_d1362747